| 000 | 00727 a2200217 4500 | ||
|---|---|---|---|
| 003 | OSt | ||
| 005 | 20180116182635.0 | ||
| 008 | 160502b xxu||||| |||| 00| 0 eng d | ||
| 020 | _a8174886427 | ||
| 020 | _a9788174886422 | ||
| 040 | _c0 | ||
| 082 | _a658.51 ORG 1997 | ||
| 100 | _aNachnather Sing | ||
| 245 | 0 | 0 |
_aOrganisational Design and Development. _cNachnather Sing |
| 260 |
_a[S.l.] : _bAnmol Publications Pvt. Ltd., _c1997. |
||
| 300 | _a1 v. (unpaged) | ||
| 500 | _aUnknown Binding. | ||
| 856 | 4 | 0 |
_3Amazon.com _uhttp://www.amazon.com/exec/obidos/ASIN/8174886427/chopaconline-20 |
| 856 | 4 | 0 |
_3Amazon customer reviews _uhttp://www.chopac.org/cgi-bin/tools/azrev.pl?q=8174886427 |
| 942 |
_aNBS _cBK _k658.51 ORG _2ddc |
||
| 999 |
_c343231 _d343231 |
||